000 00533nam a2200181Ia 4500
003 GCL
005 20240530103510.0
008 140319s9999 xx 000 0 ara d
040 _aGCL /
_cGCL
082 0 4 _a630.957
_bب ز
100 1 _aبوبوف
245 1 0 _aزراعة الاتحاد السوفييتى /
_cبوبوف
260 _aموسكو :
_bدار التقدم
300 _a380 ص ؛
_c20 سم
650 0 4 _aالاتحاد السوفيتى
650 0 4 _aالاتحاد السوفيتى - زراعة
942 _2ddc
_cBK
999 _c40000
_d40000